000
00354nam a2200133Ia 4500
003
GCL
008
140319s9999 xx 000 0 ara d
040
_a
GCL /
_c
GCL
082
0
4
_a
813.01
_b
ى ع
245
1
0
_a
العتب على النظر
260
_a
[S.N] :
_b
مركز الاهرام للترجمة والنشر ،
_c
1987
300
_a
98 ص
490
_a
999
_c
32227
_d
32227